Statistics for Biggest Countries by Population A-Z

Click here to take the quiz!

General Stats

  • This quiz has been taken 63 times
  • The average score is 21 of 24

Answer Stats

LetterCountry% Correct
BBrazil
98%
CChina
98%
GGermany
96%
IIndia
96%
UUnited States
96%
YYemen
96%
ZZambia
96%
AArgentina
95%
FFrance
95%
QQatar
95%
OOman
93%
RRussia
91%
VVietnam
89%
EEthiopia
88%
JJapan
88%
NNigeria
88%
HHaiti
84%
PPakistan
84%
MMexico
82%
LLaos
77%
TTurkey
77%
DD.R. Congo
75%
SSouth Africa
73%
KKenya
71%

Score Distribution

Percentile by Number Answered

Percent of People with Each Score

Your Score History

You have not taken this quiz